A Designer's Research Manual, 2nd edition, Updated and Expanded: Succeed in design by knowing your clients and understanding what they really need (Record no. 13943)

000 -LEADER
fixed length control field 00573nam a2200181Ia 4500
003 - CONTROL NUMBER IDENTIFIER
control field OSt
005 - DATE AND TIME OF LATEST TRANSACTION
control field 20260326192753.0
008 - FIXED-LENGTH DATA ELEMENTS--GENERAL INFORMATION
fixed length control field 260210s9999 xx 000 0 und d
020 ## - INTERNATIONAL STANDARD BOOK NUMBER
International Standard Book Number 9781631592621
082 ## - DEWEY DECIMAL CLASSIFICATION NUMBER
Classification number 745.4072 OGR
100 ## - MAIN ENTRY--PERSONAL NAME
Personal name Jenn Visocky O'Grady and Ken Visocky O'Grady
245 #2 - TITLE STATEMENT
Title A Designer's Research Manual, 2nd edition, Updated and Expanded: Succeed in design by knowing your clients and understanding what they really need
250 ## - EDITION STATEMENT
Edition statement Illustrated
260 ## - PUBLICATION, DISTRIBUTION, ETC. (IMPRINT)
Name of publisher, distributor, etc Rockport Publishers
260 ## - PUBLICATION, DISTRIBUTION, ETC. (IMPRINT)
Date of publication, distribution, etc 2017
300 ## - PHYSICAL DESCRIPTION
Extent 208 pages
942 ## - ADDED ENTRY ELEMENTS (KOHA)
Item type R&D Books
Source of classification or shelving scheme
Holdings
Withdrawn status Lost status Source of classification or shelving scheme Damaged status Koha normalized classification for sorting Not for loan Permanent location Current location Shelving location Date acquired Full call number Barcode Date last seen Price effective from Koha item type
        741_606880000000000_OGR   BMS College of Architecture, Design and Planning BMS College of Architecture, Design and Planning General Stacks 2025-12-16 741.60688 OGR AR-RD269 2026-02-10 2026-02-10 R&D Books
Copyright © 2025, The Librarian, Library and Information Centre, BMSCA D&P, Bengaluru. All Rights Reserved
web counter

Powered by Koha